[Event "TATA 14th IBCA Olympiad"]
[Site "Chennai IND"]
[Date "2012.08.14"]
[Round "5.3"]
[White "Hilton, Stephen H"]
[Black "Enjuto Velasco, Roberto"]
[Result "0-1"]
[WhiteElo "1928"]
[BlackElo "2132"]
[WhiteTeam "UK"]
[BlackTeam "Spain"]
[WhiteFideId "415030"]
[BlackFideId "2207320"]
[EventDate "2012.08.10"]
[EventType "team"]

1. Nf3 Nf6 2. c4 g6 3. b4 Bg7 4. Bb2 O-O 5. g3 c6 6. Bg2 d5 7. Na3 Qb6 8. Bc3
Ne4 9. c5 Nxc3 10. Qb3 Qa6 11. dxc3 b6 12. Rd1 bxc5 13. O-O e6 14. bxc5 Nd7 15.
Nb1 Rb8 16. Qc2 Nxc5 17. Nd4 Na4 18. Rd2 Rb2 19. Qc1 Rxb1 20. Qxb1 Nxc3 21. Qc2
Bxd4 22. e3 Bf6 23. Rc1 Qa5 24. Qb3 Ba6 25. Bf1 Bxf1 26. Kxf1 Ne4 27. Rdc2 Nd2+ 0-1

[Event "TATA 14th IBCA Olympiad"]
[Site "Chennai IND"]
[Date "2012.08.14"]
[Round "5.1"]
[White "Mueller, Oliver"]
[Black "Dimic, Pavle"]
[Result "1-0"]
[WhiteTitle "FM"]
[BlackTitle "FM"]
[WhiteElo "2265"]
[BlackElo "2155"]
[WhiteTeam "Germany"]
[BlackTeam "Serbia"]
[WhiteFideId "4633385"]
[BlackFideId "937428"]
[EventDate "2012.08.10"]
[EventType "team"]

1. d4 Nf6 2. c4 g6 3. Nf3 Bg7 4. g3 O-O 5. Bg2 d6 6. Nc3 c6 7. O-O Qb6 8. h3 Qa6
9. b3 b5 10. cxb5 cxb5 11. a4 bxa4 12. Rxa4 Qb6 13. Nd2 Bb7 14. Nc4 Qc7 15. d5
Na6 16. Bb2 Rfc8 17. Ra3 Nb4 18. Ra4 Na6 19. Na5 Nc5 20. Ra2 Rab8 21. b4 Na6 22.
b5 Nc5 23. Nc6 Bxc6 24. dxc6 a6 25. bxa6 Nxa6 26. Rxa6 Rxb2 27. Qa4 Qb8 28. Ra7
Bf8 29. Qa5 Ne8 30. Rb7 Rxb7 31. cxb7 Rd8 32. Ra1 Bg7 33. Qxd8 Qxd8 1-0

[Event "TATA 14th IBCA Olympiad"]
[Site "Chennai IND"]
[Date "2012.08.14"]
[Round "5.2"]
[White "Jandric, Damjan"]
[Black "Riegler, Dieter"]
[Result "1/2-1/2"]
[WhiteTitle "CM"]
[WhiteElo "2055"]
[BlackElo "2132"]
[WhiteTeam "Serbia"]
[BlackTeam "Germany"]
[WhiteFideId "921475"]
[BlackFideId "4606426"]
[EventDate "2012.08.10"]
[EventType "team"]

1. e4 c5 2. Nf3 d6 3. c3 Nf6 4. h3 Bd7 5. Bd3 Nc6 6. Bc2 e5 7. O-O Be7 8. d4
cxd4 9. cxd4 Nb4 10. Bb3 Qc7 11. Nc3 O-O 12. a3 Nc6 13. Bg5 Rac8 14. dxe5 dxe5
15. Bxf6 gxf6 16. Nd5 Qd6 17. Qd2 Kh8 18. Rfd1 Rcd8 19. Qe3 Rg8 20. Nb6 Nd4 21.
Nxd7 Rxd7 22. Nxd4 exd4 23. Qf3 Bd8 24. Bd5 Qe5 25. Rac1 Bc7 1/2-1/2

[Event "TATA 14th IBCA Olympiad"]
[Site "Chennai IND"]
[Date "2012.08.14"]
[Round "5.3"]
[White "Dobierzin, Olaf"]
[Black "Avram, Sretko"]
[Result "1-0"]
[BlackTitle "FM"]
[WhiteElo "2060"]
[BlackElo "2217"]
[WhiteTeam "Germany"]
[BlackTeam "Serbia"]
[WhiteFideId "4635000"]
[BlackFideId "925314"]
[EventDate "2012.08.10"]
[EventType "team"]

1. e4 e5 2. Nf3 Nf6 3. Nxe5 d6 4. Nf3 Nxe4 5. Nc3 Nxc3 6. dxc3 Nc6 7. Be3 Be7 8.
Qd2 Bg4 9. Be2 Qd7 10. O-O-O O-O-O 11. h3 Bxf3 12. Bxf3 Kb8 13. Qd5 Bf6 14. Rhe1
Be5 15. Bxa7+ Kxa7 16. Rxe5 Rde8 17. Rde1 Rxe5 18. Rxe5 Re8 19. Re4 Nd8 20. Qd4+
Kb8 21. Rxe8 Qxe8 22. Qe4 Qxe4 23. Bxe4 h6 24. Kd2 c6 25. c4 Kc7 26. Ke3 Ne6 27.
b4 g5 28. g3 Ng7 29. f4 f6 30. fxg5 fxg5 31. Bg6 b5 32. cxb5 cxb5 33. Ke4 Kc6
34. Bf7 Kd7 35. Kd5 Ke7 36. Bg6 Ne6 37. Bf5 Nd8 38. Bd3 h5 39. Bxb5 h4 40. gxh4
gxh4 41. a4 Ne6 42. Bf1 Kd7 43. b5 Nc5 44. b6 Nb7 45. Bb5+ Ke7 46. Bc6 1-0

[Event "TATA 14th IBCA Olympiad"]
[Site "Chennai IND"]
[Date "2012.08.14"]
[Round "5.4"]
[White "Avram, Veso"]
[Black "Pohlers, Juergen"]
[Result "1-0"]
[WhiteElo "2127"]
[BlackElo "1991"]
[WhiteTeam "Serbia"]
[BlackTeam "Germany"]
[WhiteFideId "925330"]
[BlackFideId "4619579"]
[EventDate "2012.08.10"]
[EventType "team"]

1. Nf3 d5 2. d4 Nf6 3. c4 c6 4. e3 e6 5. Nbd2 Nbd7 6. Bd3 Bd6 7. O-O O-O 8. e4
dxe4 9. Nxe4 Nxe4 10. Bxe4 f5 11. Bc2 Nf6 12. Re1 Bd7 13. Bg5 Qc7 14. c5 Bf4 15.
Bxf6 gxf6 16. Bb3 Rae8 17. g3 Bh6 18. Nh4 Kg7 19. Qh5 Bg5 20. Ng2 Re7 21. f4 Bh6
22. Nh4 Be8 23. Qe2 Bg6 24. Bxe6 Rfe8 25. Qc4 b5 26. Qb3 Kh8 27. Kf2 Bxf4 28.
Nxf5 Bxf5 29. Bxf5 Rxe1 30. Rxe1 Rxe1 31. Kxe1 Qe7+ 32. Kf2 Bc1 33. Qe6 Qxe6 34.
Bxe6 Bxb2 35. Ke3 Kg7 36. Bd7 Kf8 37. Bxc6 b4 38. Ke4 Ke7 39. Kd5 Bc3 40. g4 h6
41. Kc4 Ke6 42. Bd5+ Ke7 43. Be4 Kd7 44. d5 a5 45. Bc2 Be5 46. Ba4+ Ke7 47. h3
Bb8 48. Kb5 Ba7 49. d6+ Kd8 50. c6 Bd4 51. Bc2 Be5 52. c7+ 1-0

[Event "TATA 14th IBCA Olympiad"]
[Site "Chennai IND"]
[Date "2012.08.14"]
[Round "5.1"]
[White "Meshkov, Yuri A."]
[Black "Moradiyan, Meysam"]
[Result "1-0"]
[WhiteTitle "IM"]
[WhiteElo "2390"]
[BlackElo "1992"]
[WhiteTeam "Russia"]
[BlackTeam "Iran"]
[WhiteFideId "4107101"]
[BlackFideId "12507725"]
[EventDate "2012.08.10"]
[EventType "team"]

1. e4 e5 2. Nf3 Nc6 3. Bb5 a6 4. Ba4 Nf6 5. O-O b5 6. Bb3 Bc5 7. d3 O-O 8. a4
Rb8 9. axb5 axb5 10. Nc3 h6 11. Be3 d6 12. h3 Re8 13. Re1 Bb4 14. Re2 Na5 15.
Nd5 Nxd5 16. Bxd5 c6 17. Ba2 Nb7 18. c3 Ba5 19. d4 Bb6 20. Qd3 Qc7 21. b4 Bd7
22. dxe5 Bxe3 23. exd6 Nxd6 24. Rxe3 Ra8 25. Rd1 Rxa2 26. Qxd6 Ra7 27. Qc5 Ra6
28. Red3 Be6 29. Rd6 Bb3 30. Re1 f6 31. h4 Qc8 32. e5 Bd5 33. e6 Bxe6 34. Qd4
Bd5 35. Rxe8+ Qxe8 36. c4 bxc4 37. b5 Ra8 38. bxc6 Bxc6 39. Qxc4+ Kh8 40. Rxc6
Ra1+ 41. Kh2 Qb8+ 42. g3 1-0

[Event "TATA 14th IBCA Olympiad"]
[Site "Chennai IND"]
[Date "2012.08.14"]
[Round "5.2"]
[White "Mousavi, Emadeddin"]
[Black "Pakhomov, Alexey"]
[Result "0-1"]
[BlackTitle "IM"]
[WhiteElo "1877"]
[BlackElo "2416"]
[WhiteTeam "Iran"]
[BlackTeam "Russia"]
[WhiteFideId "12522031"]
[BlackFideId "4129016"]
[EventDate "2012.08.10"]
[EventType "team"]

1. e4 c6 2. d4 d5 3. Nd2 dxe4 4. Nxe4 Nd7 5. Ng5 Ngf6 6. Bd3 e6 7. Qe2 Be7 8.
Bd2 O-O 9. O-O-O c5 10. Bc4 cxd4 11. N1f3 Nb6 12. Ba5 Nfd5 13. h4 h6 14. Bd3 Nf4
15. Qe4 Nxd3+ 16. Qxd3 f5 17. Nh3 Qd5 18. Bxb6 axb6 19. Qb3 Qxb3 20. axb3 Bf6
21. Rhe1 Ra1+ 22. Kd2 Rxd1+ 23. Kxd1 Bd7 24. Ne5 Bxe5 25. Rxe5 Ra8 26. Kd2 Ra5
27. Rxa5 bxa5 28. Kd3 e5 29. Kc4 Bc6 30. g3 Bg2 31. Ng1 Be4 32. f4 exf4 33. gxf4
Bxc2 34. Kxd4 Bd1 35. b4 axb4 36. Nh3 Kf7 37. Nf2 Bc2 38. Nh1 g5 39. fxg5 hxg5
40. hxg5 Kg6 41. Ke5 Kxg5 42. Nf2 b3 43. Nh3+ Kg4 44. Nf4 Kf3 45. Nd5 Be4 46.
Nf4 Ke3 47. Ne6 Kd2 48. Nd4 Bc2 49. Kf4 0-1

[Event "TATA 14th IBCA Olympiad"]
[Site "Chennai IND"]
[Date "2012.08.14"]
[Round "5.3"]
[White "Smirnov, Sergei1"]
[Black "Bagheri, Majjid"]
[Result "1-0"]
[WhiteElo "2333"]
[BlackElo "1958"]
[WhiteTeam "Russia"]
[BlackTeam "Iran"]
[WhiteFideId "4120884"]
[BlackFideId "12524158"]
[EventDate "2012.08.10"]
[EventType "team"]

1. d4 Nf6 2. c4 g6 3. Nf3 Bg7 4. g3 d6 5. Bg2 Nbd7 6. Nc3 e5 7. O-O O-O 8. e4
Re8 9. h3 c6 10. Be3 Qa5 11. Qc2 exd4 12. Nxd4 Nc5 13. Nb3 Nxb3 14. axb3 Qh5 15.
Qd1 a6 16. Qxh5 Nxh5 17. Rad1 Be5 18. Rfe1 b5 19. Kh2 Bb7 20. f4 Bxc3 21. bxc3
Rad8 22. Bb6 Rd7 23. c5 d5 24. exd5 Rxe1 25. Rxe1 cxd5 26. Re8+ Kg7 27. Rb8 Nf6
28. c6 Bxc6 29. Bd4 1-0

[Event "TATA 14th IBCA Olympiad"]
[Site "Chennai IND"]
[Date "2012.08.14"]
[Round "5.4"]
[White "Ghoorchibeygi, Alireza"]
[Black "Babarykin, Stanislav"]
[Result "0-1"]
[BlackTitle "FM"]
[WhiteElo "1931"]
[BlackElo "2280"]
[WhiteTeam "Iran"]
[BlackTeam "Russia"]
[WhiteFideId "12510505"]
[BlackFideId "4101898"]
[EventDate "2012.08.10"]
[EventType "team"]

1. d4 Nf6 2. Nf3 d5 3. Bg5 Ne4 4. Bh4 c5 5. e3 Qb6 6. Qc1 cxd4 7. exd4 Bg4 8.
Ne5 Bf5 9. c3 g5 10. Bg3 h5 11. f3 Nxg3 12. hxg3 f6 13. Nd3 Nc6 14. g4 Bg6 15.
gxh5 O-O-O 16. Nd2 e5 17. Nb3 Re8 18. Qd2 exd4+ 19. Be2 dxc3 20. bxc3 Rxh5 21.
Rxh5 Qg1# 0-1

[Event "TATA 14th IBCA Olympiad"]
[Site "Chennai IND"]
[Date "2012.08.14"]
[Round "5.1"]
[White "Pulvett, Daniel"]
[Black "Grigorchuk, Sergey"]
[Result "1/2-1/2"]
[WhiteTitle "IM"]
[WhiteElo "2383"]
[BlackElo "2302"]
[WhiteTeam "Venezuela"]
[BlackTeam "Ukraine"]
[WhiteFideId "3900410"]
[BlackFideId "14114879"]
[EventDate "2012.08.10"]
[EventType "team"]

1. e4 e6 2. f4 d5 3. e5 c5 4. Nf3 Nc6 5. c3 Nh6 6. Na3 Be7 7. Nc2 O-O 8. d4 Bd7
9. dxc5 Bxc5 10. Bd3 f6 11. Qe2 Rc8 12. Bd2 b5 13. exf6 Rxf6 14. Bxb5 Qb6 15. b4
Nxb4 16. cxb4 Bxb5 17. bxc5 Qxc5 18. Qe3 Qxe3+ 19. Nxe3 Rxf4 20. Ng5 Rf6 21. Rc1
Rxc1+ 22. Bxc1 d4 23. Nd1 e5 24. Ne4 Rg6 25. Ng3 Ng4 26. Nf5 Ra6 27. a3 g6 28.
Ne7+ Kf7 29. Nd5 Rd6 30. Nc7 Bc4 31. Nb2 Rc6 32. Nxc4 Rxc7 33. O-O+ Ke6 34. Nb2
e4 35. Re1 Kd5 1/2-1/2

[Event "TATA 14th IBCA Olympiad"]
[Site "Chennai IND"]
[Date "2012.08.14"]
[Round "5.2"]
[White "Shepelev, Igor"]
[Black "Otero, Harlen"]
[Result "1/2-1/2"]
[WhiteElo "2117"]
[BlackElo "2038"]
[WhiteTeam "Ukraine"]
[BlackTeam "Venezuela"]
[WhiteFideId "14114909"]
[BlackFideId "3902005"]
[EventDate "2012.08.10"]
[EventType "team"]

1. d4 d5 2. Nf3 g6 3. b4 Bg7 4. Bb2 Nf6 5. e3 O-O 6. Nbd2 b6 7. Be2 Bb7 8. O-O
Nbd7 9. c4 Ne4 10. cxd5 Bxd5 11. Qc2 Nxd2 12. Nxd2 a5 13. e4 Bb7 14. b5 e6 15.
Bf3 Rc8 16. e5 Bxf3 17. Nxf3 c6 18. bxc6 Nb8 19. Ba3 Re8 20. Bd6 Nxc6 21. Qb2
Bf8 22. Bxf8 Rxf8 23. Qd2 Kg7 24. Rac1 Qe7 25. d5 exd5 26. Qxd5 Rfd8 27. Qb5 Qb4
28. Qe2 Nd4 29. Nxd4 Qxd4 30. Rxc8 Rxc8 31. g3 a4 32. e6 fxe6 33. Qxe6 Rf8 34.
h4 h5 35. Qe2 Kh6 36. Kg2 1/2-1/2

[Event "TATA 14th IBCA Olympiad"]
[Site "Chennai IND"]
[Date "2012.08.14"]
[Round "5.2"]
[White "Kishan, Gangolli"]
[Black "Pirosca, Alexandru"]
[Result "1-0"]
[WhiteElo "1972"]
[BlackElo "2015"]
[WhiteTeam "India - A"]
[BlackTeam "Romania"]
[WhiteFideId "5049350"]
[BlackFideId "1211110"]
[EventDate "2012.08.10"]
[EventType "team"]

1. d4 Nf6 2. c4 g6 3. Nc3 d5 4. Qa4+ Bd7 5. Qb3 dxc4 6. Qxc4 Bg7 7. e4 O-O 8. e5
Ne8 9. h4 Nc6 10. Nf3 Bg4 11. Be3 Na5 12. Qa4 b6 13. Be2 Qd7 14. O-O c6 15. d5
cxd5 16. Bb5 Qe6 17. Ng5 Qxe5 18. Qxg4 Rd8 19. Bf4 Qf6 20. Bxe8 Rfxe8 21. Bc7 h5
22. Qh3 Ra8 23. Nxd5 Qxb2 24. Qf3 Bf6 25. Rab1 Qd4 26. Rfd1 Qxh4 27. Nxf6+ exf6
28. Qxf6 Qc4 29. Be5 1-0

[Event "TATA 14th IBCA Olympiad"]
[Site "Chennai IND"]
[Date "2012.08.14"]
[Round "5.3"]
[White "Nistor, Mihai"]
[Black "Darpan, Inani"]
[Result "0-1"]
[WhiteElo "1925"]
[BlackElo "2015"]
[WhiteTeam "Romania"]
[BlackTeam "India - A"]
[WhiteFideId "1215701"]
[BlackFideId "5065992"]
[EventDate "2012.08.10"]
[EventType "team"]

1. e4 c5 2. Nf3 d6 3. g3 Nc6 4. c3 Nf6 5. d3 e5 6. Bg2 Be7 7. O-O O-O 8. Nbd2
Rb8 9. Re1 h6 10. a3 a6 11. h3 Qc7 12. Nf1 Re8 13. Bd2 Bf8 14. Rc1 b5 15. Ne3
Bb7 16. Nh4 Rbd8 17. Nef5 Ne7 18. Qf3 d5 19. Nxh6+ gxh6 20. Qxf6 Bg7 21. Qf3
dxe4 22. Qg4 Qd7 23. Qxd7 Rxd7 24. Bxe4 Bxe4 25. Rxe4 Rxd3 26. Re2 h5 27. Be3 c4
28. Bc5 Bf6 29. Bxe7 Rxe7 30. Nf5 Red7 31. Rce1 Kh7 32. h4 Kg6 33. Ne3 Rd2 34.
Nf1 Rxe2 35. Rxe2 Rd1 36. Kg2 Bg7 37. Ne3 Rd3 38. a4 f6 39. axb5 axb5 40. Kf1
Bf8 41. Ke1 Bc5 42. Nd1 Kf5 43. Ne3+ Bxe3 44. fxe3 Ke4 45. Kf2 Rd1 46. Re1 Rxe1
47. Kxe1 Kf3 0-1

[Event "TATA 14th IBCA Olympiad"]
[Site "Chennai IND"]
[Date "2012.08.14"]
[Round "5.4"]
[White "Makwana, Ashvin K"]
[Black "Bursuc, Mihai"]
[Result "1-0"]
[WhiteElo "1919"]
[BlackElo "1948"]
[WhiteTeam "India - A"]
[BlackTeam "Romania"]
[WhiteFideId "5081912"]
[BlackFideId "1215086"]
[EventDate "2012.08.10"]
[EventType "team"]

1. e4 c5 2. Nc3 g6 3. f4 Bg7 4. Nf3 e6 5. Bc4 Ne7 6. O-O a6 7. a4 O-O 8. Kh1 d5
9. Be2 d4 10. Nb1 Nbc6 11. d3 Bd7 12. Nbd2 b5 13. b3 Qc7 14. Ba3 Qb6 15. Qe1 f5
16. Qh4 Rae8 17. a5 Qa7 18. Ng5 h6 19. Ndf3 b4 20. Bc1 Qc7 21. Bd2 Bc8 22. Rae1
Qxa5 23. Nh3 Qc7 24. Nfg5 Nd8 25. e5 Nf7 26. Nf3 Nd5 27. Nf2 Qe7 28. Qg3 Nh8 29.
h4 h5 30. Nd1 Bd7 31. Nb2 Bb5 32. Ra1 Ra8 33. Ng5 Nf7 34. Nf3 Kh7 35. Ra5 Bh6
36. Ng5+ Bxg5 37. hxg5 Kg7 38. Bf3 Qb7 39. Rfa1 h4 40. Qh3 Ra7 41. Kg1 Rh8 42.
Kf2 Nd8 43. Nc4 Qd7 44. Nd6 Nb7 45. Rxb5 Nxd6 46. Rxc5 Nb5 47. Bxd5 exd5 48.
Bxb4 Nc7 49. Rca5 Qc6 50. R1a2 Ne6 51. Kf3 Raa8 52. Be7 Rh5 53. Bb4 Qc7 54. Qh2
h3 55. g3 Rhh8 56. Rxa6 Rxa6 57. Rxa6 Nc5 58. Bxc5 Qxc5 59. Ra4 Rh5 60. Ra1 Qc3
61. Rh1 Kf7 62. Qe2 Ke6 63. g4 Rh4 64. gxf5+ gxf5 65. Qf2 Rh5 66. Kg3 Qb2 67.
Qe2 Rh8 68. Rxh3 Rxh3+ 69. Kxh3 Qc1 70. Qf2 Qh1+ 71. Kg3 Qd1 72. Qxd4 1-0

[Event "TATA 14th IBCA Olympiad"]
[Site "Chennai IND"]
[Date "2012.08.14"]
[Round "5.2"]
[White "Stachanczyk, Jacek"]
[Black "Bibikov, Yuriy"]
[Result "1/2-1/2"]
[WhiteElo "2256"]
[BlackElo "2038"]
[WhiteTeam "Poland"]
[BlackTeam "Kazakhstan"]
[WhiteFideId "1116657"]
[BlackFideId "13705814"]
[EventDate "2012.08.10"]
[EventType "team"]

1. e4 e5 2. Nf3 d6 3. d4 exd4 4. Nxd4 Nf6 5. Nc3 Be7 6. Bf4 O-O 7. Qd2 a6 8.
O-O-O Nbd7 9. Nf5 Nc5 10. Nxe7+ Qxe7 11. f3 b5 12. Bg5 Qe6 13. Qd4 Ne8 14. h4 f6
15. Be3 Qf7 16. g4 Rb8 17. Be2 b4 18. Nd5 Ne6 19. Qd2 a5 20. Bc4 Kh8 21. h5 Qd7
22. h6 g6 23. g5 Qc6 24. Qd3 Nc5 25. Qe2 Ba6 26. Bd4 Bxc4 27. Qxc4 Qb5 28. Qxb5
Rxb5 29. Nxf6 Nxf6 30. Bxf6+ Kg8 31. f4 Nxe4 32. Rhe1 Nxf6 33. gxf6 Rxf6 34.
Re8+ Rf8 35. Re7 Rf7 36. Re8+ Rf8 37. Re7 Rf7 38. Re8+ Rf8 39. Re7 1/2-1/2

[Event "TATA 14th IBCA Olympiad"]
[Site "Chennai IND"]
[Date "2012.08.14"]
[Round "5.3"]
[White "Kabyzhanov, Bulat"]
[Black "Gunajew, Rafal"]
[Result "1/2-1/2"]
[BlackTitle "FM"]
[WhiteElo "2109"]
[BlackElo "2260"]
[WhiteTeam "Kazakhstan"]
[BlackTeam "Poland"]
[WhiteFideId "13705822"]
[BlackFideId "1116037"]
[EventDate "2012.08.10"]
[EventType "team"]

1. d4 d5 2. Nf3 e6 3. c4 c6 4. Qc2 dxc4 5. Qxc4 b5 6. Qd3 Bb7 7. g3 Nd7 8. Bg2
a6 9. O-O c5 10. b3 Ngf6 11. Nbd2 cxd4 12. Qxd4 Bc5 13. Qh4 Nd5 14. Bb2 Qxh4 15.
Nxh4 O-O 16. Ne4 Be7 17. Nf3 b4 18. Rfd1 Rac8 19. Ne1 a5 20. a3 Rc7 21. axb4
axb4 22. Bd4 Rfc8 23. e3 f5 24. Nd2 Nc3 25. Bxc3 bxc3 26. Nc4 Bxg2 27. Kxg2 Rb8
28. Rdb1 Kf7 29. f3 e5 30. Nc2 1/2-1/2

[Event "TATA 14th IBCA Olympiad"]
[Site "Chennai IND"]
[Date "2012.08.14"]
[Round "5.1"]
[White "Torres, Saulo De Jesus"]
[Black "Cajzler, Hinko"]
[Result "0-1"]
[WhiteElo "1914"]
[BlackElo "2159"]
[WhiteTeam "Columbia"]
[BlackTeam "Croatia"]
[WhiteFideId "4403622"]
[BlackFideId "14501376"]
[EventDate "2012.08.10"]
[EventType "team"]

1. e4 e5 2. Nf3 Nc6 3. Bb5 a6 4. Bxc6 dxc6 5. O-O Bd6 6. d4 exd4 7. Qxd4 f6 8.
b3 Qe7 9. Bb2 c5 10. Qe3 Nh6 11. e5 fxe5 12. Nxe5 O-O 13. Nd2 Nf5 14. Qe4 Nd4
15. Ndc4 Bf5 16. Qd5+ Be6 17. Qxb7 Bxc4 18. Nxc4 Bxh2+ 0-1

[Event "TATA 14th IBCA Olympiad"]
[Site "Chennai IND"]
[Date "2012.08.14"]
[Round "5.4"]
[White "Zaja, Stjepan1"]
[Black "Jaimes, Fredy Alexander"]
[Result "0-1"]
[WhiteElo "1795"]
[BlackElo "1717"]
[WhiteTeam "Croatia"]
[BlackTeam "Columbia"]
[WhiteFideId "14518732"]
[BlackFideId "4418514"]
[EventDate "2012.08.10"]
[EventType "team"]

1. d4 Nf6 2. Nf3 c5 3. e3 e6 4. c4 d5 5. Nc3 Nc6 6. Be2 Be7 7. O-O O-O 8. a3 b6
9. b3 Bb7 10. Bb2 Rc8 11. Rc1 dxc4 12. Bxc4 cxd4 13. Nxd4 Nxd4 14. exd4 Qc7 15.
Nb5 Qf4 16. f3 a6 17. Nc3 Bd6 18. g3 Qg5 19. f4 Qf5 20. Be2 h5 21. Bf3 Bxf3 22.
Qxf3 Qh3 23. Rc2 Rc7 24. Rg2 Rfc8 25. b4 Ng4 26. Rd1 a5 27. Nb5 Rc2 28. Rdd2
Rxb2 0-1

[Event "TATA 14th IBCA Olympiad"]
[Site "Chennai IND"]
[Date "2012.08.14"]
[Round "5.1"]
[White "Magnusson, Jorgen"]
[Black "Nizam, Rasim"]
[Result "1-0"]
[WhiteTitle "FM"]
[BlackTitle "IM"]
[WhiteElo "2273"]
[BlackElo "2232"]
[WhiteTeam "Sweden"]
[BlackTeam "Bulgaria"]
[WhiteFideId "1700880"]
[BlackFideId "2906708"]
[EventDate "2012.08.10"]
[EventType "team"]

1. g3 d5 2. f4 Nf6 3. Nf3 c5 4. Bg2 Nc6 5. O-O e6 6. d3 Be7 7. Qe1 d4 8. Na3 O-O
9. e4 dxe3 10. Bxe3 Rb8 11. Rd1 b5 12. Ne5 Nxe5 13. fxe5 Ng4 14. Bf4 Qd4+ 15.
Kh1 Bb7 16. Bxb7 Rxb7 17. h3 Nh6 18. g4 Qxb2 19. Nb1 Qd4 20. Nc3 g5 21. Bg3 Rb6
22. Ne4 f5 23. exf6 Bxf6 24. Bf2 Qd5 25. Bxc5 Rbb8 26. Bxf8 Rxf8 27. c4 bxc4 28.
dxc4 Qb7 29. Qe2 Kg7 30. c5 Ng8 31. Qc4 Rc8 32. Qxe6 Rd8 33. Rxd8 Bxd8 34. Rd1
Be7 35. c6 Qb2 36. Ng3 Qf2 37. Qb3 Nf6 38. Qc3 Bb4 39. Nf5+ Kg6 40. Qd3 Kf7 41.
c7 Qc5 42. Nd6+ Kg7 43. c8=Q Qxc8 44. Nxc8 Bc5 45. Qf5 h6 46. Rc1 Bb6 47. Nxb6 1-0

[Event "TATA 14th IBCA Olympiad"]
[Site "Chennai IND"]
[Date "2012.08.14"]
[Round "5.1"]
[White "Shashidhar K M"]
[Black "Mlacnik, Franc"]
[Result "0-1"]
[WhiteElo "1596"]
[BlackElo "2124"]
[WhiteTeam "India - B"]
[BlackTeam "Slovenia"]
[WhiteFideId "25051806"]
[BlackFideId "14601923"]
[EventDate "2012.08.10"]
[EventType "team"]

1. e4 c6 2. Nc3 d5 3. d4 dxe4 4. Nxe4 Nf6 5. Nxf6+ exf6 6. Bf4 Bd6 7. Bxd6 Qxd6
8. Qd2 Qe6+ 9. Qe2 O-O 10. Qxe6 Bxe6 11. Bd3 Nd7 12. Ne2 c5 13. Bb5 cxd4 14.
Nxd4 Nb6 15. O-O a6 16. Bd3 g6 17. Rfe1 Rfe8 18. Be4 Bd5 19. Bxd5 Nxd5 20. g3
Kf8 21. c3 Rad8 22. Kf1 Re7 23. Rad1 Rxe1+ 0-1

[Event "TATA 14th IBCA Olympiad"]
[Site "Chennai IND"]
[Date "2012.08.14"]
[Round "5.2"]
[White "Muri, Emil"]
[Black "Kakade, Atul"]
[Result "1/2-1/2"]
[WhiteElo "2018"]
[BlackElo "1647"]
[WhiteTeam "Slovenia"]
[BlackTeam "India - B"]
[WhiteFideId "14601354"]
[BlackFideId "25010271"]
[EventDate "2012.08.10"]
[EventType "team"]

1. e4 c5 2. Nf3 a6 3. g3 Nc6 4. Bg2 g6 5. O-O Bg7 6. d3 Nf6 7. Nbd2 O-O 8. Re1
e5 9. Nf1 d5 10. exd5 Nxd5 11. Ne3 Be6 12. Nc4 f6 13. Ncd2 Rc8 14. Ne4 Nd4 15.
Bd2 Qb6 16. Rb1 Nb4 17. c3 Nxf3+ 18. Qxf3 Nc6 19. Be3 Qc7 20. Bxc5 Ne7 21. Ba3
Bxa2 22. Ra1 Bd5 23. Qe2 Rfd8 24. Rad1 Nc6 25. Nd2 Bxg2 26. Kxg2 Bf8 27. Bxf8
Kxf8 28. Nf3 Qf7 29. Rd2 Rd7 30. Red1 Rcd8 31. Qe3 Kg7 32. d4 exd4 33. Nxd4 Nxd4
34. Rxd4 Rxd4 35. Rxd4 Re8 36. Qd2 Re7 37. Rd6 Qc4 1/2-1/2

[Event "TATA 14th IBCA Olympiad"]
[Site "Chennai IND"]
[Date "2012.08.14"]
[Round "5.3"]
[White "Patel, Darshan blind"]
[Black "Znuderl, Matej"]
[Result "0-1"]
[WhiteElo "1811"]
[BlackElo "1986"]
[WhiteTeam "India - B"]
[BlackTeam "Slovenia"]
[WhiteFideId "5051436"]
[BlackFideId "14604337"]
[EventDate "2012.08.10"]
[EventType "team"]

1. e4 e6 2. d4 d5 3. exd5 exd5 4. Bd3 Bd6 5. Nf3 Ne7 6. O-O O-O 7. Bg5 f6 8. Bh4
Bf5 9. Re1 Nbc6 10. c3 Qd7 11. Bg3 Rfe8 12. Qc2 a6 13. Bxd6 Bxd3 14. Qxd3 Qxd6
15. Nbd2 Qf4 16. Re2 Nf5 17. Rae1 Nd6 18. Rxe8+ Rxe8 19. Rxe8+ Nxe8 20. Qe2 Kf7
21. Ne1 Nd6 22. Nd3 Qf5 23. f3 b6 24. b3 a5 25. a4 g5 26. Nf1 Qe6 27. Qxe6+ Kxe6
28. Ne3 f5 29. Kf2 f4 30. Nc2 h5 31. h3 Nf5 32. Ke2 Kd6 33. Kd2 Nd8 34. Ne5 Nh4
35. Ne1 c5 36. Kd3 Nf5 37. Nc2 Ke6 38. Kd2 Nb7 39. Nd3 Nh4 40. Nce1 cxd4 41.
cxd4 Nd6 42. Kc3 Ndf5 43. b4 axb4+ 44. Nxb4 Ne3 45. Nbd3 Nhxg2 46. Nxg2 Nxg2 47.
Kb4 Nh4 48. Ne5 Nf5 49. Nc6 Nd6 50. Kc3 Nc4 51. Nb4 Ne3 52. Nd3 Kf5 53. Ne5 Nc4
54. Nxc4 dxc4 55. Kxc4 g4 56. hxg4+ hxg4 57. fxg4+ Kxg4 58. d5 f3 59. Kd3 Kg3
60. Ke4 f2 61. d6 f1=Q 62. Kd5 Qf8 63. Kc6 Qd8 64. d7 Kf4 65. Kd6 Kf5 66. Kc6
Ke5 67. Kb7 Kd6 68. Ka6 Kc6 0-1

[Event "TATA 14th IBCA Olympiad"]
[Site "Chennai IND"]
[Date "2012.08.14"]
[Round "5.4"]
[White "Cizman, Gregor"]
[Black "Patil, Shirish"]
[Result "0-1"]
[WhiteElo "1784"]
[BlackElo "1826"]
[WhiteTeam "Slovenia"]
[BlackTeam "India - B"]
[WhiteFideId "14605660"]
[BlackFideId "5081904"]
[EventDate "2012.08.10"]
[EventType "team"]

1. d4 c5 2. e3 e6 3. c3 d5 4. Nf3 Nc6 5. Bd3 Nf6 6. Nbd2 Be7 7. O-O O-O 8. Re1
Qc7 9. dxc5 Bxc5 10. e4 Ng4 11. Rf1 Bd6 12. h3 Nge5 13. Bc2 b6 14. Qe2 Bb7 15.
Re1 Rfe8 16. Ba4 f6 17. Nd4 Ng6 18. Nb5 Qb8 19. Nxd6 Qxd6 20. Nf3 Re7 21. exd5
exd5 22. Be3 Nf4 23. Qd2 Ne6 24. Rad1 Ne5 25. Nxe5 fxe5 26. Bb3 Rd7 27. Qe2 Kh8
28. Qg4 Nf4 29. g3 Ng6 30. Bc2 Qc6 31. Bg5 Rf7 32. Be3 d4 33. Be4 Qxe4 34. Qxe4
Bxe4 35. cxd4 0-1